000 00542nam a2200181 u 4500
001 000624473
003 AM-YeHGA
005 20250617140159.0
008 090114s1961 ||| r 000 0 rus d
040 _aAM-YeHGA
041 0 _arus
100 1 _aРешетов, Александр Ефимович
245 1 0 _aРоща :
_bСтихи /
_cАлександр Решетов.
260 _aМосква :
_bСов. Россия,
_c1961.
300 _a93 с.
653 0 _aРусская советская поэзия
090 _c216563
999 _c215046
_d215046